000 00215nam a22000857a 4500
001 1258644
005 20260313131715.0
245 _aPEYGAMBERİMİZİN HAYATI SİYERİ NEBİ
_cABDÜLHAMİD CÜDE ES SAHHAR
260 _bAGD
999 _c1258644
_d1258644